Logo Quiz-Easy version - Statistics

General Stats
  • This quiz has been taken 47 times
  • The average score is 18 of 20
Answer Stats
Picture Answer % Correct
Tiktok
100%
Apple
96%
CocaCola
96%
Fanta
96%
Gmail
96%
Google
96%
Nike
96%
Pepsi
96%
Audi
93%
Facebook
93%
Instagram
93%
LG
93%
Snapchat
93%
Twitter
93%
Youtube
93%
McDonald's
89%
Mercedes
89%
Wendy's
89%
Volkswagen
81%
Bic
78%
No matching quizzes found
Score Distribution
Percent of People with Each Score
Percentile by Number Answered
Your Score History
You have not taken this quiz